000 01023nam a22002537a 4500
008 080908t xxu||||| |||| 00| 0 eng d
010 _aENG-90965
020 _a8183241557
_c395.00
035 _aEN-74498
037 _bDBAD /PUB
040 _aDPL
_bEnglish
082 _a307.772
100 _aDutta, Sumanash
245 _aHousehold fertility behaviour and children's schooling amongst tribals /
_cby Sumanash Dutta
260 _aNew Delhi
_bMittal Publications
_c2008
300 _axiv, 146p.
_c23 cm (Hb)
500 _aIncludes bibliographical references and index
651 _aTripura (India)
_xScheduled tribes
651 _aTripura (India)
_xSocial conditions
651 _aTripura (India)
_xEconomic conditions
651 _aTripura (India)
_xScheduled tribes
_xEducation
942 _2ddc
_cEN
_mDUT
_h307.772
999 _c15381
_d15381